[Event "Medellin Flores op 20th"]
[Site "Medellin"]
[Date "2014.08.09"]
[Round "6"]
[White "Gregoire, Sylvain"]
[Black "Torres, Jorge Emilio"]
[Result "1-0"]
[WhiteElo "2265"]
[BlackElo "2037"]
[PlyCount "39"]
[EventDate "2014.08.06"]
[EventType "swiss"]
[EventRounds "9"]
[EventCountry "COL"]
[SourceTitle "CBM 162 Extra"]
[Source "ChessBase"]
[SourceDate "2014.10.17"]
[SourceVersion "1"]
[SourceVersionDate "2014.10.17"]
[SourceQuality "1"]

1. d4 d6 2. e4 Nd7 3. Bc4 e5 4. Nf3 Be7 5. c3 Ngf6 6. Ng5 0-0 7. f4 d5 8. fxe5 dxc4 9. exf6 Bxf6 10. Qh5 Bxg5 11. Bxg5 Qe8 12. Nd2 c5 13. 0-0 Qe6 14. d5 Qe5 15. Qh4 f6 16. Bf4 Qe7 17. Qg3 Re8 18. Nxc4 b6 19. Nd6 Rf8 20. Nf5 1-0

[Event "FRA-chT2 South 0809"]
[Site "France"]
[Date "2008.10.12"]
[Round "1.2"]
[White "Lamberti, Hugo"]
[Black "Gregoire, Sylvain"]
[Result "1/2-1/2"]
[WhiteElo "2094"]
[BlackElo "2259"]
[PlyCount "59"]
[EventDate "2008.10.12"]
[EventType "team-tourn"]
[EventRounds "11"]
[EventCountry "FRA"]
[SourceTitle "EXT 2010"]
[Source "ChessBase"]
[SourceDate "2010.11.25"]
[SourceVersion "1"]
[SourceVersionDate "2010.11.25"]
[SourceQuality "1"]
[WhiteTeam "Hyeres II"]
[BlackTeam "Avignon"]
[WhiteTeamCountry "FRA"]
[BlackTeamCountry "FRA"]

1. e4 c5 2. f4 d5 3. exd5 Qxd5 4. Nc3 Qd8 5. Bc4 Nf6 6. Nf3 e6 7. f5 Nc6 8. Qe2 Qe7 9. 0-0 exf5 10. Ng5 Qxe2 11. Nxe2 Ne5 12. Bb5+ Bd7 13. Rxf5 Bd6 14. Nc3 0-0 15. Bxd7 Nexd7 16. Nge4 Be5 17. d3 Bd4+ 18. Kh1 Rfe8 19. Bg5 Nxe4 20. Nxe4 g6 21. Rd5 Nb6 22. Rd6 f5 23. Nf6+ Bxf6 24. Bxf6 Re2 25. c4 Rae8 26. h4 Kf7 27. Bg5 Rxb2 28. a4 a5 29. g4 Ree2 30. gxf5 1/2-1/2

[Event "Wch U20 45th"]
[Site "Yerevan"]
[Date "2006.10.12"]
[Round "9"]
[White "Brandenburg, Daan"]
[Black "Gregoire, Sylvain"]
[Result "1/2-1/2"]
[WhiteElo "2421"]
[BlackElo "2288"]
[PlyCount "149"]
[EventDate "2006.10.03"]
[EventType "swiss"]
[EventRounds "13"]
[EventCountry "ARM"]
[SourceTitle "CBM 114 Extra"]
[Source "ChessBase"]
[SourceDate "2006.11.03"]
[SourceVersion "1"]
[SourceVersionDate "2006.11.03"]
[SourceQuality "1"]

1. e4 c5 2. c3 d5 3. exd5 Qxd5 4. d4 e6 5. Nf3 Nf6 6. Na3 Be7 7. Nb5 Na6 8. Be2 0-0 9. 0-0 cxd4 10. Qxd4 Bd7 11. Qxd5 Nxd5 12. Rd1 Rfd8 13. Nbd4 Ba4 14. Bxa6 bxa6 15. Re1 h6 16. Bd2 Be8 17. Red1 Rac8 18. Rac1 Bf6 19. b3 a5 20. Ne2 Bxc3 21. Bxc3 Nxc3 22. Rxd8 Nxe2+ 23. Kf1 Ng3+ 24. hxg3 Rxc1+ 25. Ke2 Kf8 26. a4 Ke7 27. Ra8 Rc7 28. Ne5 f6 29. Nc4 Bc6 30. Rg8 Kf7 31. Rb8 Bxa4 32. Nxa5 Bd7 33. Kd2 e5 34. f3 Be6 35. Rb5 Ke7 36. Nb7 Bd7 37. Rb4 Bc6 38. Nc5 Kd6 39. Ne4+ Bxe4 40. Rxe4 Ke6 41. Ra4 Kf5 42. Ke2 g6 43. Kf2 Rb7 44. b4 h5 45. Ke3 g5 46. Kf2 Rc7 47. b5 g4 48. Kf1 Rc5 49. Rxa7 Rxb5 50. Rh7 Kg6 51. Rh8 Rb1+ 52. Kf2 Rb2+ 53. Kf1 Rb7 54. Re8 Rh7 55. Kf2 Kf5 56. Ra8 h4 57. gxh4 gxf3 58. gxf3 Rxh4 59. Kg3 Rb4 60. Re8 Rb3 61. Ra8 e4 62. Ra5+ Kg6 63. Kf4 exf3 64. Ra2 Rc3 65. Rb2 Kf7 66. Ra2 Ke6 67. Ra6+ Kf7 68. Ra2 Kg6 69. Rb2 f5 70. Rb6+ Kf7 71. Rb2 Ke6 72. Rb6+ Kd5 73. Rb2 Rd3 74. Kxf5 Re3 75. Rf2 1/2-1/2

[Event "Wch U20 45th"]
[Site "Yerevan"]
[Date "2006.10.09"]
[Round "7"]
[White "Esen, Baris"]
[Black "Gregoire, Sylvain"]
[Result "1-0"]
[WhiteElo "2464"]
[BlackElo "2288"]
[PlyCount "87"]
[EventDate "2006.10.03"]
[EventType "swiss"]
[EventRounds "13"]
[EventCountry "ARM"]
[SourceTitle "CBM 114 Extra"]
[Source "ChessBase"]
[SourceDate "2006.11.03"]
[SourceVersion "1"]
[SourceVersionDate "2006.11.03"]
[SourceQuality "1"]

1. c4 Nf6 2. d4 c5 3. d5 e5 4. Nc3 d6 5. e4 a6 6. Nf3 Nbd7 7. Be2 Be7 8. 0-0 0-0 9. Rb1 Ne8 10. b4 cxb4 11. Rxb4 Nc5 12. Ne1 f5 13. exf5 Bxf5 14. Nd3 Qa5 15. a3 Bf6 16. Bb2 e4 17. Ne1 Qc7 18. Ba1 Qe7 19. Nc2 Be5 20. Ne3 Bd7 21. Na2 Rf6 22. Bxe5 Qxe5 23. Bg4 Rf7 24. Bxd7 Rxd7 25. Nc1 Nf6 26. Ne2 Qg5 27. Nd4 Nd3 28. Ne6 Qg6 29. Rb6 Re8 30. a4 h5 31. h3 h4 32. a5 Ne5 33. Qb3 Nh5 34. Kh1 Ree7 35. c5 Rf7 36. c6 bxc6 37. dxc6 Rde7 38. c7 Rxc7 39. Nxc7 Kh7 40. Ne6 Nf3 41. Rxd6 Qg3 42. Ng5+ Qxg5 43. Qxf7 Qxe3 44. Qxh5+ 1-0

[Event "FRA-ch U20"]
[Site "Aix les Bains"]
[Date "2006.04.??"]
[Round "5"]
[White "Gregoire, Sylvain"]
[Black "Jessel, Stephen"]
[Result "0-1"]
[WhiteElo "2268"]
[BlackElo "2328"]
[PlyCount "68"]
[EventDate "2006.04.??"]
[EventType "swiss"]
[EventRounds "8"]
[EventCountry "FRA"]
[SourceTitle "EXT 2007"]
[Source "ChessBase"]
[SourceDate "2006.11.23"]
[SourceVersion "1"]
[SourceVersionDate "2006.11.23"]
[SourceQuality "1"]

1. d4 e6 2. c4 d5 3. Nc3 Nf6 4. Nf3 c6 5. e3 Nbd7 6. Bd3 dxc4 7. Bxc4 b5 8. Bb3 b4 9. Ne2 Bb7 10. Ng3 c5 11. Ba4 Be7 12. e4 0-0 13. e5 Ne4 14. d5 exd5 15. Bxd7 Nxg3 16. hxg3 Qxd7 17. Qd3 g6 18. Qe3 f6 19. Rxh7 Kxh7 20. Qh6+ Kg8 21. Qxg6+ Kh8 22. Qh5+ Kg8 23. Bh6 Bd6 24. 0-0-0 Qh7 25. exd6 Rf7 26. Re1 Bc6 27. Rh1 Rg7 28. Qh4 Rg6 29. Qf4 Re8 30. Rh2 Re4 31. Qd2 Rc4+ 32. Kd1 Rxh6 33. d7 Qb1+ 34. Ke2 Re4+ 0-1

[Event "FRA-ch U20"]
[Site "Aix les Bains"]
[Date "2006.04.??"]
[Round "1"]
[White "Gregoire, Sylvain"]
[Black "Payet, Alex"]
[Result "1-0"]
[WhiteElo "2268"]
[BlackElo "1897"]
[PlyCount "45"]
[EventDate "2006.04.??"]
[EventType "swiss"]
[EventRounds "8"]
[EventCountry "FRA"]
[SourceTitle "EXT 2007"]
[Source "ChessBase"]
[SourceDate "2006.11.23"]
[SourceVersion "1"]
[SourceVersionDate "2006.11.23"]
[SourceQuality "1"]

1. Nf3 c5 2. c4 Nc6 3. Nc3 g6 4. g3 Bg7 5. Bg2 d6 6. 0-0 Nf6 7. d4 cxd4 8. Nxd4 Bd7 9. Nc2 Ne5 10. b3 Bc6 11. Bb2 Bxg2 12. Kxg2 0-0 13. Nd5 Nxd5 14. Qxd5 Qb6 15. f4 Nd7 16. Bxg7 Kxg7 17. Qf3 Rac8 18. e4 Qc5 19. Rad1 Qa5 20. Rf2 a6 21. e5 Qxa2 22. exd6 exd6 23. Qc3+ 1-0

[Event "FRA-ch Accession"]
[Site "Chartres"]
[Date "2005.08.21"]
[Round "6"]
[White "Gregoire, Sylvain"]
[Black "Olivier, Jean Christophe"]
[Result "0-1"]
[WhiteElo "2265"]
[BlackElo "2373"]
[PlyCount "78"]
[EventDate "2005.08.15"]
[EventType "swiss"]
[EventRounds "10"]
[EventCountry "FRA"]
[SourceTitle "EXT 2006"]
[Source "ChessBase"]
[SourceDate "2005.11.24"]
[SourceVersion "1"]
[SourceVersionDate "2005.11.24"]
[SourceQuality "1"]

1. Nf3 Nf6 2. g3 d5 3. Bg2 c6 4. d3 Nbd7 5. Nbd2 e5 6. e4 dxe4 7. dxe4 Be7 8. 0-0 0-0 9. b3 Qc7 10. Bb2 Rd8 11. Qe2 Ne8 12. Nc4 f6 13. Nh4 b5 14. Ne3 a5 15. a4 bxa4 16. Qc4+ Kf8 17. Nhf5 Nb6 18. Qe2 Bb4 19. f4 Ba6 20. Nc4 axb3 21. cxb3 Nxc4 22. bxc4 Rd2 23. Qh5 Rxb2 24. Qxh7 Bxc4 25. Rfc1 Rxg2+ 26. Kxg2 Bf1+ 27. Rxf1 Rd8 28. h4 exf4 29. Rxf4 Qf7 30. Kh3 Rd7 31. h5 Qg8 32. Qg6 Qf7 33. Qg4 Bd2 34. Rf2 Bg5 35. e5 Qd5 36. Kh2 Qxe5 37. h6 gxh6 38. Nh4 Bxh4 39. Qxd7 Bxg3+ 0-1

[Event "FRA-chT Top 16 GpB"]
[Site "Cannes"]
[Date "2005.04.02"]
[Round "6.6"]
[White "Edouard, Romain"]
[Black "Gregoire, Sylvain"]
[Result "0-1"]
[WhiteElo "2221"]
[BlackElo "2280"]
[PlyCount "94"]
[EventDate "2005.03.31"]
[EventType "team-tourn"]
[EventRounds "7"]
[EventCountry "FRA"]
[SourceTitle "CBM 105 Extra"]
[Source "ChessBase"]
[SourceDate "2005.05.01"]
[SourceVersion "1"]
[SourceVersionDate "2005.05.01"]
[SourceQuality "1"]
[WhiteTeam "Sautron"]
[BlackTeam "Avignon"]
[WhiteTeamCountry "FRA"]
[BlackTeamCountry "FRA"]

1. e4 c5 2. Nf3 Nc6 3. d4 cxd4 4. Nxd4 e5 5. Nb5 d6 6. c4 Be7 7. N1c3 a6 8. Na3 Be6 9. b3 Nf6 10. Nc2 Rc8 11. Bb2 0-0 12. Be2 b5 13. cxb5 axb5 14. Bf3 Qb6 15. 0-0 b4 16. Nd5 Bxd5 17. exd5 Nb8 18. Ne3 Rfe8 19. Qd2 Nbd7 20. Rfd1 Nc5 21. Nc4 Qb5 22. Be2 Qb8 23. h3 Nfe4 24. Qe1 Qa7 25. Kh2 Rb8 26. f3 Nf6 27. Bf1 Nh5 28. Qf2 Nf4 29. a3 Qd7 30. axb4 Nxb3 31. Ra7 Qf5 32. Na5 Nxa5 33. bxa5 Rb3 34. Bc1 Bg5 35. a6 Nxh3 36. Qa2 Rc3 37. Qa4 Rec8 38. Bxg5 Nxg5 39. Re7 g6 40. a7 Rc2 41. Qg4 Nxf3+ 42. Kg3 Nd4 43. Rxd4 Qxf1 44. Qe4 Qf2+ 45. Kh3 exd4 46. Re8+ Rxe8 47. Qxe8+ Kg7 0-1

[Event "France-ch U18"]
[Site "Reims"]
[Date "2004.04.25"]
[Round "9"]
[White "Gregoire, Sylvain"]
[Black "Friess, Nicolas"]
[Result "1-0"]
[WhiteElo "2313"]
[BlackElo "2121"]
[PlyCount "105"]
[EventDate "2004.04.??"]
[EventType "swiss"]
[EventRounds "9"]
[EventCountry "FRA"]
[SourceTitle "EXT 2005"]
[Source "ChessBase"]
[SourceDate "2004.11.15"]
[SourceVersion "1"]
[SourceVersionDate "2004.11.15"]
[SourceQuality "1"]

1. d4 Nf6 2. c4 Nc6 3. Nc3 e5 4. d5 Ne7 5. e4 Ng6 6. Be3 Bb4 7. f3 Qe7 8. Nge2 a5 9. a3 Bc5 10. d6 Qxd6 11. Qxd6 cxd6 12. Bg5 Ng8 13. Nb5 Kf8 14. 0-0-0 f6 15. Bd2 Ra6 16. Bc3 Nh6 17. b4 axb4 18. axb4 Be3+ 19. Kb2 Nf7 20. Nc7 Ra7 21. Nd5 Bf2 22. Be1 Bxe1 23. Rxe1 Ne7 24. Nec3 Nxd5 25. cxd5 Ke7 26. Be2 Ra8 27. Ra1 Rb8 28. Kb3 h5 29. Kc4 b6 30. Kb5 Bb7 31. Na4 Rhc8 32. Rac1 Rxc1 33. Rxc1 Ra8 34. Bd1 Ba6+ 35. Kxb6 Bf1 36. Kb7 Ra6 37. Rc7 Nd8+ 38. Kb8 h4 39. Ra7 Rxa7 40. Kxa7 Bxg2 41. Nc3 g5 42. b5 Bh3 43. b6 f5 44. b7 Nxb7 45. Kxb7 g4 46. exf5 g3 47. hxg3 hxg3 48. Ne2 g2 49. Bc2 Kf6 50. Kc7 Bxf5 51. Be4 Bxe4 52. fxe4 Ke7 53. Ng1 1-0

[Event "France-ch U18"]
[Site "Reims"]
[Date "2004.04.23"]
[Round "7"]
[White "Gregoire, Sylvain"]
[Black "Shoker, Samy"]
[Result "0-1"]
[WhiteElo "2313"]
[BlackElo "2306"]
[PlyCount "137"]
[EventDate "2004.04.??"]
[EventType "swiss"]
[EventRounds "9"]
[EventCountry "FRA"]
[SourceTitle "EXT 2005"]
[Source "ChessBase"]
[SourceDate "2004.11.15"]
[SourceVersion "1"]
[SourceVersionDate "2004.11.15"]
[SourceQuality "1"]

1. d4 g6 2. c4 Bg7 3. Nc3 d6 4. e4 e5 5. Nge2 exd4 6. Nxd4 Ne7 7. Bg5 h6 8. Be3 Nbc6 9. Qd2 f5 10. exf5 Nxf5 11. Nxf5 Bxf5 12. Be2 Qd7 13. 0-0 h5 14. Rad1 Ne5 15. Bd4 0-0 16. f4 Nc6 17. Bxg7 Qxg7 18. Bf3 Rae8 19. Rfe1 Kh7 20. Nd5 Nd4 21. Qf2 Nxf3+ 22. gxf3 Rxe1+ 23. Rxe1 c6 24. Nc3 Bd3 25. Qe3 Bxc4 26. Ne4 Bd5 27. Ng5+ Kg8 28. Re2 Qf6 29. Kf2 Qxf4 30. Qe7 Bf7 31. Nh7 Qxh2+ 32. Ke3 Qg1+ 33. Kd2 Qd4+ 34. Ke1 Qg1+ 35. Kd2 Ra8 36. Nf6+ Kg7 37. Qxb7 Qg5+ 38. Ke1 Qg3+ 39. Kd2 Rf8 40. Ne4 Qf4+ 41. Kc2 d5 42. Nd2 Qa4+ 43. Kc1 Qb5 44. Qxb5 cxb5 45. Nb3 Kf6 46. Nd4 a6 47. Kd2 g5 48. Re3 h4 49. Ra3 Ke5 50. Ke3 Ra8 51. Rc3 h3 52. Rc6 Rh8 53. Rc1 h2 54. Rh1 Rh6 55. a3 Be8 56. Ne2 Rh3 57. Kf2 d4 58. Ng3 Bc6 59. Re1+ Kd6 60. Nf5+ Kc5 61. Rc1+ Kb6 62. Kg2 g4 63. Nxd4 h1Q+ 64. Rxh1 Bxf3+ 65. Nxf3 Rxh1 66. Kxh1 gxf3 67. Kg1 Kc5 68. Kf2 Kc4 69. Ke3 0-1

[Event "Cappelle op 20th"]
[Site "Cappelle la Grande"]
[Date "2004.03.05"]
[Round "8"]
[White "Makarov, Marat"]
[Black "Gregoire, Sylvain"]
[Result "1-0"]
[WhiteElo "2530"]
[BlackElo "2313"]
[PlyCount "51"]
[EventDate "2004.02.28"]
[EventType "swiss"]
[EventRounds "9"]
[EventCountry "FRA"]
[SourceTitle "CBM 099 Extra"]
[Source "ChessBase"]
[SourceDate "2004.05.04"]
[SourceVersion "1"]
[SourceVersionDate "2004.05.04"]
[SourceQuality "1"]

1. Nf3 c5 2. c4 Nc6 3. d4 cxd4 4. Nxd4 Nf6 5. Nc3 e6 6. g3 Qb6 7. Nb3 d5 8. cxd5 exd5 9. Be3 Qd8 10. Bg2 Be6 11. 0-0 Be7 12. Qd2 Ne5 13. Bd4 Nc4 14. Qc2 0-0 15. Rad1 Qc8 16. Rc1 Rd8 17. e4 dxe4 18. Nxe4 Nd7 19. Qe2 b5 20. Nc3 Qa6 21. Qh5 Rab8 22. Nd5 Bf8 23. Nc7 Qxa2 24. Nxe6 Qxb3 25. Ng5 Qd3 26. Be5 1-0

[Event "FRA-ch Accession"]
[Site "Aix les Bains"]
[Date "2003.08.29"]
[Round "2"]
[White "Gregoire, Sylvain"]
[Black "Chomet, Pascal"]
[Result "1-0"]
[WhiteElo "2244"]
[BlackElo "2381"]
[PlyCount "49"]
[EventDate "2003.08.19"]
[EventType "swiss"]
[EventRounds "11"]
[EventCountry "FRA"]
[SourceTitle "EXT 2004"]
[Source "ChessBase"]
[SourceDate "2003.11.25"]
[SourceVersion "1"]
[SourceVersionDate "2003.11.25"]
[SourceQuality "1"]

1. d4 d6 2. c4 g6 3. Nc3 Bg7 4. e4 Nd7 5. Be3 e5 6. d5 a5 7. Bd3 Nc5 8. Bc2 Bh6 9. Bxh6 Nxh6 10. Qd2 Ng4 11. h3 Nf6 12. g4 h5 13. g5 Nh7 14. Nf3 f6 15. Na4 Nxg5 16. Nxg5 fxg5 17. Nxc5 dxc5 18. Ba4+ Kf7 19. 0-0-0 Qf6 20. Rhg1 Qf4 21. Rxg5 Bxh3 22. Qxf4+ exf4 23. e5 Bf5 24. Bc2 Bxc2 25. Kxc2 1-0

[Event "FRA-ch Accession"]
[Site "Aix les Bains"]
[Date "2003.08.23"]
[Round "5"]
[White "Philippe, Christophe"]
[Black "Gregoire, Sylvain"]
[Result "0-1"]
[WhiteElo "2360"]
[BlackElo "2244"]
[PlyCount "110"]
[EventDate "2003.08.19"]
[EventType "swiss"]
[EventRounds "11"]
[EventCountry "FRA"]
[SourceTitle "EXT 2004"]
[Source "ChessBase"]
[SourceDate "2003.11.25"]
[SourceVersion "1"]
[SourceVersionDate "2003.11.25"]
[SourceQuality "1"]

1. e4 c5 2. Nf3 Nc6 3. Bb5 g6 4. 0-0 Bg7 5. Bxc6 dxc6 6. d3 Nf6 7. Nc3 0-0 8. Be3 b6 9. h3 Re8 10. Qd2 Nd7 11. Nh2 Nf8 12. f4 f5 13. Qf2 Ne6 14. g4 Nd4 15. gxf5 gxf5 16. Kh1 Qd6 17. Rg1 Kh8 18. Rg2 Qh6 19. Rag1 Rg8 20. Rg5 Be6 21. Nd1 Bf6 22. c3 Nb5 23. c4 Nd4 24. Rxg8+ Rxg8 25. e5 Bh4 26. Rxg8+ Kxg8 27. Qg2+ Kf7 28. Nf3 Qh5 29. Bxd4 cxd4 30. Kh2 c5 31. Nf2 Bd7 32. Nxh4 Qxh4 33. Qf3 Bc6 34. Qg3 Qh5 35. Kg1 Qe2 36. h4 h6 37. b3 a5 38. a4 Bf3 39. Kh2 Qe3 40. Kg1 Be2 41. Kg2 Bh5 42. Kh2 Be2 43. Kg2 Bh5 44. Kh2 Bf3 45. Kh3 Ke6 46. Kh2 Kd7 47. Kg1 Kc7 48. Kh2 Bc6 49. h5 Kb7 50. Kh3 Qe1 51. Kh4 Ka6 52. Nh3 Qe2 53. Qg6 Bf3 54. Qxh6 Qe1+ 55. Kg5 Qg3+ 0-1

[Event "FRA-ch Accession"]
[Site "Aix les Bains"]
[Date "2003.08.19"]
[Round "1"]
[White "Alfonsi, Jean Francois"]
[Black "Gregoire, Sylvain"]
[Result "0-1"]
[WhiteElo "2083"]
[BlackElo "2244"]
[PlyCount "44"]
[EventDate "2003.08.19"]
[EventType "swiss"]
[EventRounds "11"]
[EventCountry "FRA"]
[SourceTitle "EXT 2004"]
[Source "ChessBase"]
[SourceDate "2003.11.25"]
[SourceVersion "1"]
[SourceVersionDate "2003.11.25"]
[SourceQuality "1"]

1. d4 d5 2. Nf3 Nf6 3. c4 c6 4. cxd5 cxd5 5. Bf4 Nc6 6. e3 Qb6 7. Nc3 Qxb2 8. Qc1 Qxc1+ 9. Rxc1 a6 10. Na4 Nd7 11. Be2 e6 12. 0-0 Be7 13. Nc3 0-0 14. e4 Nf6 15. Bd3 Ba3 16. Rcd1 Bb4 17. exd5 exd5 18. Na4 Bg4 19. Nb6 Rad8 20. Rb1 Bxf3 21. gxf3 Bd6 22. Bg5 Nxd4 0-1

[Event "FRA-ch U18"]
[Site "Le Grand Bornand"]
[Date "2003.??.??"]
[Round "5.3"]
[White "Ouakhir, Pierre Mehdi"]
[Black "Gregoire, Sylvain"]
[Result "0-1"]
[WhiteElo "2156"]
[BlackElo "2220"]
[PlyCount "102"]
[EventDate "2003.??.??"]
[EventType "swiss"]
[EventRounds "9"]
[EventCountry "FRA"]
[SourceTitle "EXT 2004"]
[Source "ChessBase"]
[SourceDate "2003.11.25"]
[SourceVersion "1"]
[SourceVersionDate "2003.11.25"]
[SourceQuality "1"]

1. d4 d5 2. c4 c6 3. Nc3 Nf6 4. e3 a6 5. Qc2 g6 6. b3 Bf5 7. Bd3 Bxd3 8. Qxd3 Bg7 9. Nf3 0-0 10. Bb2 Nbd7 11. 0-0 b5 12. Rfd1 Re8 13. cxd5 cxd5 14. Ne5 e6 15. f4 Nb6 16. Ba3 Nc8 17. Rac1 Nd6 18. Bxd6 Qxd6 19. Rc2 Rec8 20. Rdc1 Qd8 21. Nd1 Bf8 22. Nf2 Ba3 23. Rxc8 Rxc8 24. Rc3 Kg7 25. Qc2 Qa5 26. Nd1 Ne4 27. b4 Qxb4 28. Nd3 Rxc3 29. Nxb4 Rxc2 30. Nxc2 Bd6 31. a3 Nd2 32. Nc3 Nc4 33. Nb1 Kf6 34. Kf2 Ke7 35. Ke2 Kd7 36. Kd3 Kc6 37. Kc3 a5 38. Kb3 b4 39. axb4 axb4 40. e4 Kb5 41. e5 Be7 42. g3 Na5+ 43. Kb2 Kc4 44. Nd2+ Kd3 45. Nb3 Nc4+ 46. Kb1 Kc3 47. Nca1 Bd8 48. g4 Bb6 49. Nc5 Kxd4 50. Nd7 Kc3 51. g5 Be3 0-1

[Event "FRA-ch U18"]
[Site "Le Grand Bornand"]
[Date "2003.??.??"]
[Round "7.2"]
[White "Vitoux, Colomban"]
[Black "Gregoire, Sylvain"]
[Result "1/2-1/2"]
[WhiteElo "2176"]
[BlackElo "2220"]
[PlyCount "190"]
[EventDate "2003.??.??"]
[EventType "swiss"]
[EventRounds "9"]
[EventCountry "FRA"]
[SourceTitle "EXT 2004"]
[Source "ChessBase"]
[SourceDate "2003.11.25"]
[SourceVersion "1"]
[SourceVersionDate "2003.11.25"]
[SourceQuality "1"]

1. e4 c5 2. Nf3 Nc6 3. d4 cxd4 4. Nxd4 Nf6 5. Nc3 e5 6. Nf5 d5 7. exd5 Bxf5 8. dxc6 bxc6 9. Qf3 Qd7 10. Bc4 Be7 11. 0-0 e4 12. Qe2 Qc7 13. f3 exf3 14. Qxf3 Bg6 15. Bf4 Qb6+ 16. Be3 Qb7 17. Bb3 0-0 18. h3 Rae8 19. Bd4 Qb4 20. Rad1 c5 21. Bf2 c4 22. a3 Qb8 23. Ba4 Rd8 24. Rfe1 Rxd1 25. Nxd1 Bd6 26. Bd4 Bh2+ 27. Kh1 Bg3 28. Bf2 Be5 29. b4 h6 30. Bh4 Qd6 31. Ne3 Qa6 32. Bc6 Bc3 33. Rd1 Qxa3 34. b5 Qc5 35. Nd5 Nxd5 36. Rxd5 Qb4 37. Be7 Qxe7 38. Qxc3 Qe2 39. Rd4 Bxc2 40. Qxc4 Qe1+ 41. Kh2 Qe5+ 42. g3 Bb3 43. Qb4 Be6 44. Qd2 Qf5 45. Qg2 Rb8 46. h4 Qc5 47. Ra4 Rd8 48. Rf4 Bd5 49. Rf5 Bxc6 50. Rxc5 Bxg2 51. Kxg2 Rd7 52. Rc8+ Kh7 53. Rb8 Kg6 54. b6 axb6 55. Rxb6+ f6 56. Kf3 Rd4 57. Rb5 Rd3+ 58. Kf4 h5 59. Rb6 Rd5 60. Rb1 Rf5+ 61. Ke4 Rf2 62. Ke3 Ra2 63. Rb5 Ra1 64. Kf4 Ra3 65. Rb6 Ra5 66. Rb1 Ra6 67. Rb4 Kh6 68. Rb3 g6 69. Kf3 Rd6 70. Ra3 Rd7 71. Ra6 Kg7 72. Kf4 Kf7 73. Rb6 Ke7 74. Ra6 Rd6 75. Ra7+ Ke6 76. Rg7 Rd4+ 77. Kf3 Kf5 78. Ra7 Rd3+ 79. Kg2 Re3 80. Ra6 Re4 81. Kf3 Re1 82. Ra5+ Re5 83. Ra4 Rb5 84. Rf4+ Ke5 85. Re4+ Kf5 86. Rf4+ Ke6 87. Re4+ Re5 88. Ra4 g5 89. hxg5 fxg5 90. Ra8 g4+ 91. Kf4 Rf5+ 92. Ke4 Rf3 93. Ra6+ Kf7 94. Rh6 Rxg3 95. Rxh5 Kg6 1/2-1/2